000 00520nam a2200193Ia 4500
003 GCL
008 140319s9999 xx 000 0 eng d
040 _aGCL /
_cGCL
082 0 4 _aCC
_b780.91
_bM M
100 1 _aMANNICHE, LISE
245 1 0 _aMUSIC AND MUSICIANS IN ANCIENT EGYPT /
_cMANNICHE, LISE
260 _a[S.N] :
_bBRITISH MUSEUM PRESS ،
_c1991
300 _a142 P
650 0 4 _aEGYPT
650 0 4 _aEGYPT - MUSIC
650 0 4 _aMUSIC - HISTORY AND CRITICISM
650 0 4 _aEGYPT - HISTORY
942 _2ddc
_cBK
999 _c25054
_d25054